[Event "Detroit (MOR/3/12)"]
[Site "?"]
[Date "1990.??.??"]
[Round "?"]
[White "Pope, Nick"]
[Black "Shaler, S."]
[Result "0-1"]
[WhiteElo "1605"]
[BlackElo "1680"]
[PlyCount "104"]
[EventDate "1990.??.??"]

{3/(12)} 1. e4 d6 2. d4 Nf6 3. Bd3 Nc6 4. c3 g6 5. Bg5 Bg7 6. Nf3 O-O 7. O-O
Re8 8. Nbd2 e5 9. dxe5 Nxe5 10. Nxe5 Rxe5 11. f4 Re8 12. Qc2 Qd7 13. Rae1 h6
14. Bxf6 Bxf6 15. Nf3 Qg4 16. e5 dxe5 17. Nxe5 Bxe5 18. fxe5 Qg5 19. Qf2 Be6
20. b3 Rad8 21. Bc4 Bxc4 22. bxc4 Rd7 23. e6 fxe6 24. Rxe6 Rxe6 25. Qf8+ Kh7
26. Rf7+ Rxf7 27. Qxf7+ Kh8 28. Qxe6 Qc1+ 29. Kf2 Qd2+ 30. Kf1 Qd3+ 31. Kf2
Qd2+ 32. Kf3 Qxc3+ 33. Ke4 Qe1+ 34. Kd5 Qd2+ 35. Ke5 Qc3+ 36. Kf4 Qd2+ 37. Kf3
Qd3+ 38. Qe3 Qxe3+ 39. Kxe3 Kg7 40. Kf4 Kf6 41. Ke4 Ke6 42. a4 b6 43. Kf4 Kf6
44. Ke4 Ke6 45. h4 c6 46. g4 a6 47. Kd4 Kd6 48. c5+ bxc5+ 49. Kc4 a5 50. Kc3
Kd5 51. Kd3 c4+ 52. Kc3 Kc5 0-1

[Event "Detroit (MOR/4/23)"]
[Site "?"]
[Date "1990.??.??"]
[Round "?"]
[White "Pope, Nick"]
[Black "McGinniss, M."]
[Result "1-0"]
[WhiteElo "1605"]
[BlackElo "1605"]
[PlyCount "65"]
[EventDate "1990.??.??"]

{4/(23)} 1. e4 c5 2. Nf3 d6 3. d4 cxd4 4. Nxd4 g6 5. Bg5 Bg7 6. c3 Nf6 7. Nd2
O-O 8. Bd3 Nbd7 9. O-O Nc5 10. Bc2 Bd7 11. N4b3 Ne6 12. Bxf6 Bxf6 13. Nf3 Rc8
14. Re1 Qb6 15. e5 Bg7 16. exd6 exd6 17. Be4 Rfd8 18. Qc2 Ba4 19. Rad1 Nc5 20.
Bd5 Na6 21. Qe4 Bxb3 22. axb3 Rc7 23. b4 Nb8 24. Ng5 Be5 25. Nxf7 Rxf7 26.
Bxf7+ Kxf7 27. Qd5+ Kg7 28. Rxe5 Rf8 29. Re7+ Kh6 30. Qd2+ g5 31. Qxd6+ Rf6 32.
Qxb6 Rxb6 33. Rde1 1-0

[Event "Flint (Class DEU/5)"]
[Site "?"]
[Date "1990.??.??"]
[Round "?"]
[White "Pope, Nick"]
[Black "Landon, Robbie"]
[Result "1-0"]
[WhiteElo "1605"]
[BlackElo "1605"]
[PlyCount "117"]
[EventDate "1990.??.??"]

1. e4 e6 2. d4 d5 3. e5 c5 4. c3 Nc6 5. Nf3 Qb6 6. Be3 cxd4 7. Nxd4 Nxd4 8.
cxd4 Qxb2 9. Nd2 Bd7 10. Rb1 Qxa2 11. Rxb7 Ba3 12. Bb5 Bxb5 13. Rxb5 Rc8 14.
O-O Nh6 15. Bxh6 gxh6 16. Qa4 O-O 17. Nb1 Ra8 18. Qxa3 Qxa3 19. Nxa3 a5 20. Ra1
Rfc8 21. Kf1 a4 22. Rb4 Kg7 23. Ke2 Kg6 24. Kd2 Rg8 25. Ra2 Kf5 26. g3 h5 27.
h4 Rg4 28. Nc2 f6 29. Ne3+ Kg6 30. Nxg4 hxg4 31. Raxa4 Rf8 32. Ra6 Kf5 33. Rbb6
Re8 34. Rb7 fxe5 35. dxe5 Kxe5 36. Rxh7 Ke4 37. Rf7 e5 38. h5 d4 39. h6 Kd5 40.
h7 e4 41. Rf5+ Kc4 42. Rc6+ Kb4 43. Rc1 Rh8 44. Rf4 Rxh7 45. Rxe4 Rh2 46. Rxd4+
Kb3 47. Rf1 Kb2 48. Rxg4 Rg2 49. Rh4 Kb3 50. Ke3 Rxf2 51. Rxf2 Kc3 52. g4 Kb3
53. g5 Kc3 54. g6 Kb3 55. g7 Kc3 56. Rf5 Kc2 57. g8=Q Kb2 58. Rb5+ Ka1 59. Ra4#
1-0

[Event "Flint (Class DEU/4)"]
[Site "?"]
[Date "1990.??.??"]
[Round "?"]
[White "Pope, Nick"]
[Black "James, Larry"]
[Result "0-1"]
[WhiteElo "1605"]
[BlackElo "1605"]
[PlyCount "60"]
[EventDate "1990.??.??"]

1. e4 c5 2. c4 Nc6 3. Nc3 Nf6 4. g3 d6 5. Bg2 g6 6. d3 Bg4 7. Nge2 Bg7 8. O-O
O-O 9. h3 Bd7 10. Kh2 Re8 11. f4 e6 12. g4 Qe7 13. Ng3 h6 14. Be3 Nh7 15. Qd2
d5 16. exd5 Bxc3 17. bxc3 exd5 18. Rae1 dxc4 19. dxc4 Rad8 20. Qf2 Qh4 21. f5
Ne5 22. Bf3 Nd3 23. Bg5 Nxg5 24. Rxe8+ Rxe8 25. Qc2 Nxh3 26. Bg2 Nhf4+ 27. Kg1
Qxg3 28. Rxf4 Re1+ 29. Rf1 Rxf1+ 30. Kxf1 Qe1# 0-1

[Event "Detroit (RVO/2)"]
[Site "?"]
[Date "1990.??.??"]
[Round "?"]
[White "Pope, Nick"]
[Black "Franklin, Stan"]
[Result "0-1"]
[WhiteElo "1605"]
[BlackElo "1645"]
[PlyCount "72"]
[EventDate "1990.??.??"]

1. e4 c5 2. Nf3 Nc6 3. d4 cxd4 4. Nxd4 Qc7 5. Nc3 a6 6. Bc4 e6 7. O-O b5 8. Bb3
Nf6 9. a3 Bb7 10. f4 Nxd4 11. e5 Qc6 12. Rf2 Nxb3 13. cxb3 Nd5 14. Nxd5 Qxd5
15. Be3 Qxd1+ 16. Rxd1 Rc8 17. b4 Bc6 18. Bc5 Bxc5 19. bxc5 a5 20. b4 axb4 21.
axb4 Ra8 22. Rb2 O-O 23. g3 Ra3 24. Kf2 Rfa8 25. Rc1 Rd3 26. Ke1 h5 27. Rd1
Rxd1+ 28. Kxd1 Kh7 29. Kc2 Kg6 30. Kb3 Bd5+ 31. Kc2 Ra2 32. Rxa2 Bxa2 33. Kd2
Kf5 34. Ke3 Kg4 35. Kf2 Kh3 36. Kg1 Bd5 0-1

[Event "Detroit (MOR/7/14)"]
[Site "?"]
[Date "1990.??.??"]
[Round "?"]
[White "Pope, Nick"]
[Black "Falkowski, Kenneth"]
[Result "0-1"]
[WhiteElo "1605"]
[BlackElo "1790"]
[PlyCount "65"]
[EventDate "1990.??.??"]

{7/(14)} 1. e4 c6 2. d4 d5 3. exd5 cxd5 4. Nc3 Nf6 5. Nf3 Bf5 6. Be2 a6 7. Nh4
Bg6 8. Nxg6 hxg6 9. Bd3 e6 10. Ne2 Qb6 11. c3 Bd6 12. Qc2 Nc6 13. Bg5 Qc7 14.
g3 Ng4 15. h3 Nf6 16. O-O-O O-O-O 17. Rde1 Qa5 18. Kb1 Rd7 19. Nc1 Rc7 20. Nb3
Qb6 21. Qe2 Kb8 22. Rc1 Na5 23. Nxa5 Qxa5 24. Qd2 Nd7 25. h4 Ka8 26. b4 Qa3 27.
Qb2 Qxb2+ 28. Kxb2 Nb6 29. a3 Nc4+ 30. Bxc4 Rxc4 31. Be3 Rhc8 32. Rhe1 Re8 33.
Rc2 0-1

[Event "Flint (Class DEU/2)"]
[Site "?"]
[Date "1990.??.??"]
[Round "?"]
[White "Pope, Nick"]
[Black "Carpenter, O."]
[Result "1-0"]
[WhiteElo "1605"]
[BlackElo "1605"]
[PlyCount "143"]
[EventDate "1990.??.??"]

1. e4 c5 2. Nf3 d6 3. d4 cxd4 4. Nxd4 Nf6 5. Nc3 g6 6. Bc4 Bg7 7. O-O O-O 8. f4
Nxe4 9. Nxe4 d5 10. Nb5 Qb6+ 11. Kh1 dxc4 12. Nbc3 Be6 13. Qf3 h6 14. Rb1 Nc6
15. Na4 Qc7 16. Nac5 Bd5 17. Nf6+ Bxf6 18. Qxd5 Rad8 19. Qxc4 Rd4 20. Qe2 Rfd8
21. Be3 R4d5 22. c4 Rh5 23. g3 Nd4 24. Bxd4 Bxd4 25. Ne4 f5 26. Nd2 Qc6+ 27.
Qf3 Qxf3+ 28. Nxf3 Bc5 29. Rbd1 Bb6 30. Rxd8+ Bxd8 31. Rd1 Bb6 32. Rd7 g5 33.
fxg5 hxg5 34. Rxe7 Rh7 35. Rxh7 Kxh7 36. Nxg5+ Kg6 37. Nf3 Kh5 38. h3 Bc7 39.
Kg2 Kg6 40. g4 fxg4 41. hxg4 b6 42. Kf2 Bf4 43. Ke2 Bg5 44. Kd3 Be7 45. Ke4 Bd6
46. Kd5 Bc5 47. b3 Kf6 48. Kc6 a5 49. Kd5 Kg6 50. Ke6 Bb4 51. Ne5+ Kg5 52. Nd3
Ba3 53. Ne5 Bb4 54. Kd5 Ba3 55. Nd7 Bc1 56. Nxb6 Kxg4 57. c5 Kf5 58. Nd7 Bf4
59. c6 Bc7 60. Nc5 Kf6 61. Na6 Bb6 62. c7 Bxc7 63. Nxc7 Ke7 64. Kc6 Kd8 65. Kb7
Kd7 66. Na6 Kd8 67. a3 Kd7 68. b4 axb4 69. axb4 Kd8 70. b5 Kd7 71. Ka7 Kc8 72.
b6 1-0

[Event "Lansing (MI Am/2/43)"]
[Site "?"]
[Date "1990.??.??"]
[Round "?"]
[White "Pontoni, M."]
[Black "Venia, Mike"]
[Result "0-1"]
[WhiteElo "1605"]
[BlackElo "1605"]
[PlyCount "118"]
[EventDate "1990.??.??"]

{2/(43)} 1. e4 Nf6 2. Nf3 Nxe4 3. Bc4 d5 4. Bd3 Nc6 5. O-O e5 6. Bb5 Bd6 7. b3
O-O 8. Bb2 Qf6 9. d3 Ng5 10. Nbd2 Bg4 11. h3 Bxf3 12. Nxf3 Nxf3+ 13. Qxf3 Qxf3
14. gxf3 Nd4 15. Bxd4 exd4 16. Bd7 Rad8 17. Bg4 f5 18. a3 fxg4 19. fxg4 Rf3 20.
Kg2 Rdf8 21. a4 Be7 22. Rae1 Bh4 23. Re2 a5 24. Re8 Rxf2+ 25. Rxf2 Bxf2 26.
Rxf8+ Kxf8 27. Kxf2 Kf7 28. Kf3 Kf6 29. Kf4 g5+ 30. Kf3 Ke5 31. Kg3 Kd6 32. h4
h6 33. h5 Kc5 34. Kf3 Kb4 35. Ke2 Kc3 36. Kd1 c5 37. Kc1 c4 38. dxc4 dxc4 39.
bxc4 Kxc4 40. Kd2 Kb4 41. Kd3 Kxa4 42. Kxd4 Kb4 43. c4 a4 44. Kd3 Kb3 45. c5
Kb2 46. Ke4 a3 47. Kf5 a2 48. Kg6 a1=Q 49. Kxh6 Qc1 50. Kg6 Qxc5 51. h6 Qc2+
52. Kxg5 Qh7 53. Kh5 Qf7+ 54. Kg5 Kc3 55. Kh4 Qg6 56. g5 Kd4 57. Kg4 Ke4 58.
Kh4 Kf4 59. h7 Qxg5+ 0-1

[Event "Lansing (MI Am/5/46)"]
[Site "?"]
[Date "1990.??.??"]
[Round "?"]
[White "Pontoni, M."]
[Black "Vangilder, K."]
[Result "1-0"]
[WhiteElo "1605"]
[BlackElo "1605"]
[PlyCount "77"]
[EventDate "1990.??.??"]

{5/(46)} 1. e4 e5 2. Nf3 Nc6 3. Bb5 a6 4. Bxc6 dxc6 5. O-O Bg4 6. d3 h6 7. Nbd2
Nf6 8. h3 Bh5 9. b3 Bc5 10. Bb2 Bd4 11. Bxd4 exd4 12. Qc1 Bxf3 13. Nxf3 c5 14.
Qf4 Qe7 15. Rfe1 O-O 16. e5 Nd5 17. Qf5 Nc3 18. e6 fxe6 19. Rxe6 Rxf5 20. Rxe7
b5 21. Rxc7 Ne2+ 22. Kf1 Nf4 23. Re1 Nd5 24. Rd7 Nf6 25. Rd6 Ne8 26. Rde6 Nc7
27. R6e5 Rxe5 28. Rxe5 Re8 29. Rxc5 Ne6 30. Re5 Kf7 31. Rd5 Nf4 32. Rxd4 Ne2
33. Rd7+ Kf6 34. Ra7 g5 35. Rxa6+ Kf5 36. g3 g4 37. hxg4+ Kxg4 38. Nh2+ Kh3 39.
Rxh6# 1-0

[Event "Lansing (MI Am/1/40)"]
[Site "?"]
[Date "1990.??.??"]
[Round "?"]
[White "Pontoni, M."]
[Black "Skidmore, Jennifer"]
[Result "0-1"]
[WhiteElo "1605"]
[BlackElo "1715"]
[PlyCount "40"]
[EventDate "1990.??.??"]

{1/(40)} 1. e4 e5 2. Nf3 d6 3. g3 Be7 4. Bg2 Nf6 5. d3 Bg4 6. Nbd2 Nc6 7. O-O
Nd4 8. b3 O-O 9. Bb2 Ne6 10. c3 Ng5 11. Qc2 Nh3+ 12. Bxh3 Bxh3 13. Rfe1 Ng4 14.
d4 exd4 15. e5 dxe5 16. Ne4 f5 17. Ba3 fxe4 18. Bxe7 Qxe7 19. Qxe4 Qf6 20. Re2
Qxf3 0-1

[Event "Lansing (Mini-Swiss.4/3)"]
[Site "?"]
[Date "1990.??.??"]
[Round "?"]
[White "Pontoni, M."]
[Black "Eck, J."]
[Result "0-1"]
[WhiteElo "1605"]
[BlackElo "1605"]
[PlyCount "64"]
[EventDate "1990.??.??"]

{4/(3)} 1. e4 e5 2. Nf3 Nc6 3. Bb5 Nf6 4. O-O a6 5. Bxc6 bxc6 6. Nxe5 Bd6 7. d4
O-O 8. Nc3 Re8 9. Bf4 c5 10. Be3 Bxe5 11. dxe5 Rxe5 12. Qf3 d6 13. Bf4 Bg4 14.
Qe3 Re8 15. f3 Be6 16. Rfd1 d5 17. Qxc5 Nh5 18. Nxd5 Nxf4 19. Nxc7 Ne2+ 20. Kf2
Qh4+ 21. Kxe2 Rac8 22. Rd2 Qxh2 23. Kf2 Rxc7 24. Qb6 Qh4+ 25. Ke3 Qg5+ 26. Ke2
Qxg2+ 27. Ke1 Qh1+ 28. Kf2 Qh4+ 29. Ke3 Qg5+ 30. f4 Qg3+ 31. Kd4 Rd7+ 32. Ke5
Bh3+ 0-1

[Event "Lansing (Mini-Swiss.4/1)"]
[Site "?"]
[Date "1990.??.??"]
[Round "?"]
[White "Pontoni, M."]
[Black "Cunningham, J."]
[Result "1-0"]
[WhiteElo "1605"]
[BlackElo "1605"]
[PlyCount "55"]
[EventDate "1990.??.??"]

{4/(1)} 1. e4 c5 2. Nf3 e6 3. Bb5 h6 4. Ne5 Qg5 5. Ng4 h5 6. d3 Qxg4 7. Qxg4
hxg4 8. Be3 e5 9. Nc3 Nf6 10. Bg5 Be7 11. Bxf6 Bxf6 12. Nd5 Bd8 13. O-O-O Nc6
14. c3 Ne7 15. h3 Nxd5 16. exd5 Bg5+ 17. Kb1 g3 18. Rde1 Bf4 19. fxg3 Bxg3 20.
Re4 f5 21. Re3 Bf4 22. Rf3 Rh6 23. Re1 Rg6 24. Rxf4 Rxg2 25. d6 e4 26. Rxf5 b6
27. Rxe4+ Kd8 28. Rf8# 1-0

[Event "Detroit (MI Op/6/20)"]
[Site "?"]
[Date "1990.??.??"]
[Round "?"]
[White "Pirochta, T."]
[Black "Noren, Kevin"]
[Result "0-1"]
[WhiteElo "1845"]
[BlackElo "2305"]
[PlyCount "98"]
[EventDate "1990.??.??"]

{6/(20)} 1. e4 e6 2. d3 c5 3. Nf3 Nc6 4. g3 g6 5. Bg2 Bg7 6. O-O Nge7 7. c3 O-O
8. Re1 d6 9. a4 Rb8 10. Na3 e5 11. Be3 h6 12. Nc4 f5 13. Qd2 g5 14. Nxg5 f4 15.
gxf4 hxg5 16. fxg5 Ng6 17. Rf1 Nf4 18. h4 Bg4 19. f3 Bh5 20. b4 cxb4 21. cxb4
Nd4 22. Bxd4 exd4 23. b5 Be5 24. Rac1 Bf7 25. Nxe5 dxe5 26. Rc5 Qd6 27. Rfc1
Be6 28. Kh2 Rf7 29. a5 Rh7 30. Kg3 Kh8 31. R5c2 Rg8 32. Rh1 Qe7 33. Kf2 Qa3 34.
Bf1 Rxg5 35. Rc7 Rgg7 36. Rxg7 Rxg7 37. Rg1 Qe7 38. Rxg7 Kxg7 39. Ke1 Qxh4+ 40.
Kd1 Qh1 41. Qe1 Bh3 42. Be2 Qxe1+ 43. Kxe1 Nxe2 44. Kxe2 b6 45. axb6 axb6 46.
f4 Bg4+ 47. Kf1 exf4 48. Kf2 Kf6 49. Kf1 Bd7 0-1

[Event "Detroit (MI Op/2/17)"]
[Site "?"]
[Date "1990.??.??"]
[Round "?"]
[White "Pirochta, T."]
[Black "Knecht, Mark"]
[Result "0-1"]
[WhiteElo "1845"]
[BlackElo "2115"]
[PlyCount "60"]
[EventDate "1990.??.??"]

{2/(17)} 1. b4 e6 2. Bb2 Nf6 3. a3 d5 4. e3 Bd6 5. Nf3 Nbd7 6. c4 c6 7. c5 Bc7
8. d4 O-O 9. Qa4 Ne4 10. Nc3 f5 11. b5 Ndf6 12. b6 Bb8 13. Nd2 Nxd2 14. Kxd2
Ne4+ 15. Ke1 f4 16. Nxe4 dxe4 17. exf4 Bxf4 18. g3 Bh6 19. Bg2 e3 20. f3 e5 21.
Rd1 e4 22. Rf1 exf3 23. Bxf3 Bh3 24. Ke2 Bxf1+ 25. Rxf1 axb6 26. Qb3+ Kh8 27.
cxb6 Ra6 28. Qe6 Qxb6 29. Rb1 Qb5+ 30. Ke1 Qa5+ 0-1

[Event "Detroit (MI Op/4/20)"]
[Site "?"]
[Date "1990.??.??"]
[Round "?"]
[White "Pirochta, T."]
[Black "Fuller, William"]
[Result "1-0"]
[WhiteElo "1845"]
[BlackElo "2065"]
[PlyCount "163"]
[EventDate "1990.??.??"]

{4/(20)} 1. e4 c5 2. f4 Nc6 3. Nf3 e6 4. g3 Nge7 5. Bg2 d5 6. exd5 exd5 7. O-O
g6 8. d3 Bg7 9. Nbd2 O-O 10. a4 Nf5 11. Re1 Re8 12. Nf1 Ncd4 13. Rxe8+ Qxe8 14.
Nxd4 Bxd4+ 15. Kh1 Bd7 16. c3 Bg7 17. Bxd5 Bc6 18. Bxc6 Qxc6+ 19. Kg1 Re8 20.
Kf2 Qe6 21. Bd2 Nh6 22. Qf3 Qh3 23. Re1 Ng4+ 24. Kg1 Rxe1 25. Bxe1 b6 26. Qa8+
Bf8 27. Qxa7 Nh6 28. Qb7 Qe6 29. Qe4 Qb3 30. Qe2 Qxa4 31. Ne3 b5 32. Nd5 Nf5
33. Nf6+ Kh8 34. Qe5 Bd6 35. Qe8+ Kg7 36. Ne4 Be7 37. Ng5 Qb3 38. g4 Bd6 39.
gxf5 Bxf4 40. f6+ Kxf6 41. Ne4+ Kg7 42. Qe7 Be3+ 43. Kf1 Qd1 44. Nf2 Bxf2 45.
Kxf2 Qxd3 46. Qe5+ Kg8 47. Qxc5 Qc2+ 48. Kg1 Qxb2 49. Qf2 Qa1 50. Kf1 Qd1 51.
Qe2 Qb1 52. Qd2 Qf5+ 53. Ke2 Qe4+ 54. Qe3 Qc4+ 55. Qd3 Qg4+ 56. Qf3 Qc4+ 57.
Kd1 Qb3+ 58. Ke2 Qc4+ 59. Ke3 f5 60. Bd2 Kf7 61. Qb7+ Kg8 62. Qa8+ Kg7 63. Qa7+
Kg8 64. Qd4 Qf1 65. Qf4 Qb1 66. Kd4 Qb3 67. Qb8+ Kf7 68. Qc7+ Ke8 69. Qe5+ Kf7
70. Qd5+ Qxd5+ 71. Kxd5 Kf6 72. Kc5 g5 73. Kxb5 g4 74. Bf4 Ke6 75. Kc6 h5 76.
Bg3 Kf6 77. Kd6 Kg5 78. Ke5 h4 79. Bf4+ Kg6 80. c4 g3 81. Bxg3 h3 82. c5 1-0

[Event "Detroit (RVO/4)"]
[Site "?"]
[Date "1990.??.??"]
[Round "?"]
[White "Pineda, L."]
[Black "Troupe, D."]
[Result "0-1"]
[WhiteElo "1605"]
[BlackElo "1605"]
[PlyCount "110"]
[EventDate "1990.??.??"]

1. d4 d5 2. c4 Nf6 3. Nc3 c6 4. e3 Bf5 5. h3 e6 6. Bd3 Bxd3 7. Qxd3 h6 8. Nf3
Nbd7 9. O-O c5 10. e4 cxd4 11. Nxd4 Nc5 12. Qe2 dxe4 13. Bf4 Bd6 14. Bxd6 Qxd6
15. Ndb5 Qc6 16. Rfd1 O-O 17. Rd6 Qc8 18. Rad1 a6 19. Na3 Qc7 20. b4 Nd3 21.
Nxe4 Nxe4 22. Qxe4 Qxd6 23. Rxd3 Qxb4 24. Rb3 Qd2 25. Qb1 Qd6 26. Qc1 b6 27.
Rg3 e5 28. Qe3 Rfc8 29. Kh2 Rab8 30. Qe4 b5 31. cxb5 axb5 32. Nb1 Rc1 33. Ra3
Rc4 34. Rd3 Rd4 35. Rxd4 exd4+ 36. g3 b4 37. h4 Qc5 38. Nd2 Qc3 39. Nb3 d3 40.
Qf4 Rd8 41. Qd2 Qxd2 42. Nxd2 Ra8 43. Kg2 Rxa2 44. Nc4 d2 45. Ne3 b3 46. Nd1 b2
47. Nc3 Ra1 48. Kf3 d1=Q+ 49. Nxd1 Rxd1 50. h5 b1=Q 51. g4 Qd3+ 52. Kg2 Qf1+
53. Kf3 Rd3+ 54. Ke4 Qe2+ 55. Kf5 Rf3# 0-1

[Event "Detroit (RVO/3)"]
[Site "?"]
[Date "1990.??.??"]
[Round "?"]
[White "Pineda, L."]
[Black "Burke, David"]
[Result "1/2-1/2"]
[WhiteElo "1605"]
[BlackElo "1605"]
[PlyCount "78"]
[EventDate "1990.??.??"]

1. e4 e5 2. f4 d6 3. Nf3 Nc6 4. Bb5 Bd7 5. Nc3 g6 6. Bxc6 Bxc6 7. fxe5 dxe5 8.
Nxe5 Qg5 9. Nxc6 Qxg2 10. Rf1 bxc6 11. Qf3 Qxf3 12. Rxf3 Be7 13. Rh3 Bf6 14. b3
Bxc3 15. Rxc3 Ne7 16. Ba3 Rb8 17. Bxe7 Kxe7 18. Rxc6 Kd7 19. Ra6 Rhe8 20. d3 f5
21. Rd1 Kc8 22. Ra4 Kb7 23. Kf2 Re5 24. Re1 Rf8 25. Kg2 fxe4 26. Rexe4 Ref5 27.
Kg3 Rf3+ 28. Kh4 R8f5 29. Rab4+ Kc6 30. Re6+ Kd7 31. Ree4 g5+ 32. Kg4 Rf2 33.
Rbd4+ Kc6 34. Re6+ Kb7 35. Rb4+ Kc8 36. Re8+ Kd7 37. Rh8 Rf7 38. Rd4+ Ke6 39.
Re8+ Kf6 1/2-1/2

[Event "Flint (Class DEU/4)"]
[Site "?"]
[Date "1990.??.??"]
[Round "?"]
[White "Peppel, S."]
[Black "Short, T."]
[Result "1-0"]
[WhiteElo "1605"]
[BlackElo "1605"]
[PlyCount "73"]
[EventDate "1990.??.??"]

1. e4 e5 2. Nf3 Nc6 3. c3 d6 4. Bb5 Bd7 5. Bxc6 Bxc6 6. O-O Qd7 7. d3 O-O-O 8.
a4 a6 9. b4 b5 10. axb5 Bxb5 11. c4 Kb7 12. cxb5 Qxb5 13. Qb3 Nh6 14. Nc3 Qc6
15. Be3 f5 16. b5 axb5 17. Ra7+ Kc8 18. Rfa1 Kd7 19. R1a6 Qxa6 20. Rxa6 f4 21.
Qxb5+ Ke7 22. Nd5+ Kf7 23. Ng5+ Kg6 24. Nxf4+ Kxg5 25. Ne6+ Kf6 26. Nxd8 Be7
27. Nc6 Ng4 28. Nxe7 Kxe7 29. Qb7 Nxe3 30. Qxc7+ Kf6 31. Qxd6+ Kg5 32. Qxe5+
Kh4 33. Qg3+ Kh5 34. Ra5+ Kh6 35. Qf4+ Kg6 36. fxe3 h6 37. Qf5# 1-0

[Event "Flint (Class DEU/2)"]
[Site "?"]
[Date "1990.??.??"]
[Round "?"]
[White "Peppel, S."]
[Black "Cusenza, J."]
[Result "0-1"]
[WhiteElo "1605"]
[BlackElo "1605"]
[PlyCount "138"]
[EventDate "1990.??.??"]

1. e4 e5 2. Nf3 Nc6 3. c3 Bc5 4. Be2 Nf6 5. d3 h6 6. b4 Bb6 7. a4 a6 8. O-O O-O
9. Ba3 d6 10. Nbd2 Ne7 11. a5 Ba7 12. d4 Ng6 13. dxe5 Nxe5 14. Nxe5 dxe5 15. b5
Re8 16. Qc2 axb5 17. Bxb5 c6 18. Be2 Qxa5 19. Nc4 Qd8 20. Rad1 Nd7 21. Bd6 Qg5
22. Nd2 Nf6 23. Nc4 Ng4 24. Bxg4 Bxg4 25. Ne3 Bxe3 26. Rd3 Bf4 27. g3 Bh3 28.
Re1 Qg6 29. Bc5 Bg5 30. Qe2 Ra5 31. Rd6 Re6 32. Rxe6 Qxe6 33. Bb4 Ra2 34. Qf3
Qb3 35. Qd3 Qb2 36. Qf3 Ra1 37. c4 Rxe1+ 38. Bxe1 Qb1 39. Qe2 b5 40. f4 exf4
41. Kf2 fxg3+ 42. hxg3 Be6 43. cxb5 cxb5 44. Bc3 b4 45. Bd4 b3 46. Qb2 Qc2+ 47.
Qxc2 bxc2 48. Bb2 c1=Q 49. Bxc1 Bxc1 50. Kf3 g5 51. g4 f6 52. Kg3 Bf4+ 53. Kf3
Bd7 54. Kf2 Bc6 55. Kf3 Kf7 56. Kf2 Bxe4 57. Ke2 f5 58. gxf5 Bxf5 59. Kf3 h5
60. Kg2 g4 61. Kg1 h4 62. Kg2 Be4+ 63. Kg1 h3 64. Kf2 g3+ 65. Kg1 h2+ 66. Kf1
h1=Q+ 67. Ke2 Qf3+ 68. Ke1 Qe3+ 69. Kf1 g2# 0-1

[Event "Detroit (RVO/4)"]
[Site "?"]
[Date "1990.??.??"]
[Round "?"]
[White "Pence, Mark"]
[Black "Turner, P."]
[Result "1-0"]
[WhiteElo "2045"]
[BlackElo "1795"]
[PlyCount "117"]
[EventDate "1990.??.??"]

1. d4 Nf6 2. c4 g6 3. Nc3 Bg7 4. Nf3 O-O 5. g3 d6 6. Bg2 Nc6 7. O-O e5 8. d5
Ne7 9. e4 Nd7 10. Ne1 f5 11. Nd3 Nf6 12. Qe2 a6 13. Rb1 Qe8 14. b4 Nh5 15. f3
f4 16. g4 Nf6 17. c5 g5 18. cxd6 cxd6 19. b5 h5 20. h3 hxg4 21. hxg4 Qg6 22.
Ba3 Ne8 23. Rfc1 Qh6 24. Bf1 Kf7 25. Qh2 Rh8 26. Qxh6 Rxh6 27. Rb3 Bd7 28. Nb2
Nc7 29. bxa6 bxa6 30. Rb7 Nb5 31. Nc4 Nxa3 32. Nxa3 Bc8 33. Rb6 Ra7 34. Nc4 Rd7
35. Na4 Rd8 36. Rb8 Rdh8 37. Bg2 Bd7 38. Rxh8 Bxh8 39. Nab6 Bc8 40. Na5 Bxg4
41. fxg4 Rh4 42. Bf3 Rh3 43. Kg2 Rg3+ 44. Kf2 Ng6 45. Nc8 Nh4 46. Nxd6+ Kg6 47.
Bh1 Ra3 48. Nc6 Rxa2+ 49. Kf1 f3 50. Ne7+ Kh7 51. Nef5 Ng2 52. Bxg2 Rxg2 53.
Rc7+ Kg6 54. Ne3 Ra2 55. Ndf5 a5 56. d6 a4 57. d7 Bf6 58. Rc6 Rd2 59. Nd5 1-0

[Event "Flint (MI Senior/3/1)"]
[Site "?"]
[Date "1990.??.??"]
[Round "?"]
[White "Pence, Mark"]
[Black "Poschel, Paul"]
[Result "0-1"]
[WhiteElo "2090"]
[BlackElo "2310"]
[PlyCount "108"]
[EventDate "1990.??.??"]

{3/(1)} 1. d4 d5 2. c4 dxc4 3. Nc3 a6 4. a4 e5 5. e3 exd4 6. Qxd4 Qxd4 7. exd4
Nc6 8. Be3 Nf6 9. Bxc4 Bd6 10. Nge2 O-O 11. h3 Re8 12. O-O Nb4 13. Rac1 Be6 14.
Bxe6 Rxe6 15. Rfd1 Nfd5 16. Nxd5 Nxd5 17. Rd3 Rae8 18. Nc3 Nxe3 19. fxe3 Rxe3
20. Rxe3 Rxe3 21. Nd5 Re8 22. Kf2 c6 23. Nb6 f6 24. Nc4 Bb8 25. Rd1 Rd8 26. Rd3
Ba7 27. Ke3 Rd5 28. b4 Kf7 29. g4 Ke7 30. Ke4 Kd8 31. Ne3 Rd6 32. Nf5 Re6+ 33.
Kf3 g6 34. Ng3 Re1 35. b5 axb5 36. axb5 cxb5 37. Ne4 Rf1+ 38. Ke2 Rf4 39. Ke3
Bb8 40. Nc3 f5 41. gxf5 Rxf5 42. d5 Rh5 43. Kd2 b4 44. Ne4 Rh4 45. Nc5 b6 46.
Ne6+ Kd7 47. Kc2 Bd6 48. Kb3 h6 49. Ka4 Rc4 50. Rf3 Rc3 51. Rf7+ Kc8 52. Rg7 b3
53. Kb5 b2 54. Rg8+ Kd7 0-1

[Event "Flint (MI Senior/2/3)"]
[Site "?"]
[Date "1990.??.??"]
[Round "?"]
[White "Pence, Mark"]
[Black "Gregg, Ted"]
[Result "1-0"]
[WhiteElo "2090"]
[BlackElo "1605"]
[PlyCount "41"]
[EventDate "1990.??.??"]

{2/(3)} 1. d4 d5 2. c4 Nf6 3. Nc3 e6 4. Nf3 Nbd7 5. e3 c6 6. Bd3 Qa5 7. O-O Bb4
8. Bd2 dxc4 9. Bxc4 Nd5 10. Qc2 Nxc3 11. bxc3 Bd6 12. e4 e5 13. Ng5 O-O 14. f4
exd4 15. e5 g6 16. Nxf7 Rxf7 17. e6 Qc5 18. exf7+ Kf8 19. Qd3 dxc3+ 20. Be3 Qf5
21. Qxd6+ 1-0

[Event "Detroit (RVO/2)"]
[Site "?"]
[Date "1990.??.??"]
[Round "?"]
[White "Pence, Mark"]
[Black "Bezrutch, B."]
[Result "1-0"]
[WhiteElo "2045"]
[BlackElo "1780"]
[PlyCount "73"]
[EventDate "1990.??.??"]

1. c4 Nf6 2. Nc3 e5 3. g3 c6 4. d4 exd4 5. Qxd4 d5 6. Bg2 Be6 7. cxd5 cxd5 8.
Nf3 Nc6 9. Qd1 Bc5 10. O-O O-O 11. Bg5 h6 12. Bf4 Qb6 13. Na4 Qa5 14. Nxc5 Qxc5
15. a3 Rad8 16. Qd3 Rfe8 17. Rac1 Qb6 18. b4 a6 19. Rb1 Ne4 20. b5 axb5 21.
Rxb5 Qa6 22. Rfb1 Rd7 23. Bf1 Ra8 24. Bc1 Qa7 25. e3 Rad8 26. Nd4 Bg4 27. Rb6
Ne5 28. Qb3 Nf3+ 29. Nxf3 Bxf3 30. Bg2 Ng5 31. h4 Bxg2 32. Kxg2 Ne6 33. Rxb7
Rxb7 34. Qxb7 Qa4 35. Qb4 Qd1 36. Bd2 d4 37. Rxd1 1-0

[Event "Lansing (MI Am/1/4)"]
[Site "?"]
[Date "1990.??.??"]
[Round "?"]
[White "Pavlovich, J."]
[Black "Vukotic, D."]
[Result "0-1"]
[WhiteElo "1605"]
[BlackElo "1970"]
[PlyCount "74"]
[EventDate "1990.??.??"]

{1/(4)} 1. e4 c5 2. d4 cxd4 3. c3 dxc3 4. Nxc3 Nc6 5. Nf3 d6 6. h3 g6 7. Bc4
Bg7 8. O-O Nf6 9. Qe2 O-O 10. Rd1 Bd7 11. Bg5 Qc8 12. Kh2 a6 13. Bxf6 Bxf6 14.
Nd5 Bg7 15. Nb6 Qc7 16. Nxa8 Rxa8 17. Rac1 d5+ 18. g3 dxc4 19. Rxc4 Be6 20. Ra4
b5 21. Ra3 Bc4 22. Qc2 Qb6 23. Re3 Bh6 24. Rc3 Nb4 25. Qb1 Qxf2+ 26. Kh1 Be2
27. Ng1 Bxd1 28. Qxd1 Nxa2 29. Rf3 Qxb2 30. Qf1 Rf8 31. Qd1 Nc3 32. Qd4 Bg7 33.
e5 b4 34. Rf2 Qb1 35. Kg2 a5 36. Ne2 Nxe2 37. Rxe2 Rc8 0-1

[Event "Lansing (MI Am/5/32)"]
[Site "?"]
[Date "1990.??.??"]
[Round "?"]
[White "Pavlovich, J."]
[Black "Sujarit, P."]
[Result "1-0"]
[WhiteElo "1605"]
[BlackElo "1605"]
[PlyCount "109"]
[EventDate "1990.??.??"]

{5/(32)} 1. e4 e5 2. Nf3 Nc6 3. d4 exd4 4. Bc4 Bc5 5. Ng5 Ne5 6. Nxf7 Nxf7 7.
Bxf7+ Kxf7 8. Qh5+ g6 9. Qxc5 Nf6 10. Qxd4 d6 11. Bg5 c5 12. Qd3 Qa5+ 13. Nc3
Nxe4 14. Be3 Bf5 15. Qc4+ Kg7 16. O-O Nxc3 17. Bd2 Qc7 18. Bxc3+ Kf8 19. Bxh8
Qf7 20. Qxf7+ Kxf7 21. Bc3 Bxc2 22. Rfe1 d5 23. Re5 Rd8 24. Rae1 Rd7 25. Bd2 b6
26. Bg5 h5 27. Re7+ Rxe7 28. Rxe7+ Kf8 29. Rxa7 d4 30. Rb7 c4 31. Rxb6 Ke8 32.
Rc6 Bd3 33. Rd6 Bb1 34. a3 c3 35. bxc3 dxc3 36. a4 Bf5 37. a5 h4 38. a6 h3 39.
g3 Kf7 40. a7 Be4 41. Rd8 c2 42. a8=Q Bxa8 43. Rxa8 Ke6 44. Rc8 Kf5 45. Bc1 Ke4
46. Rxc2 Kd3 47. Rd2+ Kc3 48. Rd6 Kc2 49. Rxg6 Kxc1 50. Rh6 Kd2 51. Rxh3 Ke2
52. Rh8 Kf3 53. Rf8+ Kg4 54. Kg2 Kg5 55. Rg8+ 1-0

[Event "Lansing (MI Am/4/43)"]
[Site "?"]
[Date "1990.??.??"]
[Round "?"]
[White "Patterson, S."]
[Black "Swathell, Gary"]
[Result "0-1"]
[WhiteElo "1605"]
[BlackElo "1605"]
[PlyCount "26"]
[EventDate "1990.??.??"]

{4/(43)} 1. d4 Nf6 2. c4 e5 3. Nf3 exd4 4. Nxd4 Bc5 5. Nf5 O-O 6. Bg5 d5 7. Ne3
d4 8. Nc2 Nc6 9. e3 dxe3 10. Qxd8 exf2+ 11. Ke2 Bg4+ 12. Kd2 Raxd8+ 13. Kc1
Rd1# 0-1